000 00825nam a22002057a 4500
999 _c553
_d553
003 AR-CdUCM
008 190225b ||||| |||| 00| 0 spa d
040 _aMUNICIPALIDAD PROVINCIAL DEL CUSCO
_cBIBLIOTECA MUNICIPAL DEL CUSCO
082 _a891.70 /
_bK89
100 _aKudriavtsev, Vladimir
_92152
245 _aEl XXIV congreso del PCUS y la lucha por la paz /
260 _aMoscú :
_bEditorial de la agencia de prensa Novosti,
_c1972.
300 _a103 páginas ;
_c17 cm.
505 _aLa política exterior de la URSS, política de paz -- La cohesión de la comunidad socialista, sostén inexpugnable de la paz -- La URSS y los países emergentes de Asia y África ...
650 _aPolítica.
_9291
650 _aComunidad socialista.
_92153
650 _aPaz.
_9757
942 _2ddc
_cLIBROS
945 _amvr
_d2019-02-25